[Event "Open Ricany 2011"]
[Site "http://www.openricany.cz"]
[Date "2011.08.21"]
[Round "3.20"]
[White "Vanka, Miloslav"]
[Black "Martinec, Karel"]
[Result "1/2-1/2"]
[WhiteElo "2120"]
[BlackElo "1971"]

1. e4 e5 2. Bc4 Nf6 3. d3 Bc5 4. Nc3 Nc6 5. Bg5 Be7 6. f4 exf4 7. Bxf4 d6
8. Nf3 O-O 9. d4 Nxe4 10. Nxe4 d5 11. Bd3 dxe4 12. Bxe4 Bd6 13. Bxd6 Qxd6
14. O-O f5 15. Bxc6 Qxc6 16. d5 Qb6+ 17. Qd4 Qxd4+ 18. Nxd4 Bd7 19. Rad1 g6
20. c4 Rfe8 21. Rfe1 Rad8 22. Kf2 Kf7 23. c5 a6 24. Re3 Rxe3 25. Kxe3 Kf6
26. Rd3 Re8+ 27. Kd2 Re4 28. Kc3 f4 1/2-1/2